000 00563nam a22002057a 4500
005 20140917120702.0
008 140917b xxu||||| |||| 00| 0 eng d
020 _a9788122434378
_c399.00
040 _aLoreto College
082 _a510
_bJOS
100 _aJoshi,K.D.
245 _aApplied discrete structures
_cK.D.Joshi
250 _a2nd ed
260 _aNew Delhi
_bNew Age International
_c2014
300 _axvi,805p
_b22cm
504 _aIncludes bibliographical references and index
650 _aDiscrete mathematics
850 _aLCLIB
942 _cBK
999 _c39483
_d89962